Gravedad cero / (Record no. 1153)

MARC details
000 -LEADER
campo de control de longitud fija 00460nam a22001577a 4500
008 - DATOS DE LONGITUD FIJA--INFORMACIÓN GENERAL
campo de control de longitud fija 170318s2016 gt||||| |||| 00| 0 spa d
082 04 - NÚMERO DE LA CLASIFICACIÓN DECIMAL DEWEY
Número de clasificación 861
Número de ítem S712g
110 1# - ENTRADA PRINCIPAL--NOMBRE DE ENTIDAD CORPORATIVA
Nombre de entidad corporativa o nombre de jurisdicción como elemento de entrada s.O.P.a.
9 (RLIN) 5751
245 10 - MENCIÓN DEL TÍTULO
Título Gravedad cero /
Mención de responsabilidad, etc. s.O.P.a.
250 ## - MENCION DE EDICION
Mención de edición 1a ed.
260 ## - PUBLICACIÓN, DISTRIBUCIÓN, ETC.
Lugar de publicación, distribución, etc. Guatemala :
Nombre del editor, distribuidor, etc. Ediciones Bizarras ; Publicaciones desde el barco ebrio,
Fecha de publicación, distribución, etc. [2016].
300 ## - DESCRIPCIÓN FÍSICA
Extensión 94 p.
Otras características físicas il.
653 10 - TÉRMINO DE INDIZACIÓN--NO CONTROLADO
Término no controlado Literatura
653 10 - TÉRMINO DE INDIZACIÓN--NO CONTROLADO
Término no controlado Literatura Latinoamericana
653 10 - TÉRMINO DE INDIZACIÓN--NO CONTROLADO
Término no controlado Poesía - Guatemala
Holdings
Estatus retirado Estado de pérdida Fuente del sistema de clasificación o colocación Estado de daño No para préstamo Biblioteca de origen Biblioteca actual Ubicación en estantería Fecha de adquisición Total de préstamos Signatura topográfica completa Visto por última vez Precio de reemplazo Tipo de ítem Koha
    Clasificación Decimal Dewey     Biblioteca LadoV Biblioteca LadoV   18/03/2017   861 S712g 18/03/2017 18/03/2017 Material 01